• 首页
  • 本馆介绍
  • 公告通知
  • 最新文献
  • 馆藏检索
  • 电子资源
  • 读者导购
  • 参考咨询
  • 我的图书馆
  • 登录
  • 详细信息显示
  • 放入我的书架
  • 预约/预借图书
  • 作者相关作品
  • 分类相关作品
  • 丛书相关作品
  • 出版社相关作品

书目信息

  • 表格格式
  • 工作单格式
  • 卡片格式
题名:
剩余价值学说史
    
 
作者: 马克思 著 ;郭大力 译
分册: 第三卷  
出版信息: 北京   人民出版社  1978
页数: 616页
开本: 19cm
丛书名:
单 册:
中图分类: A123 , A11
科图分类:
主题词: 马克思著作--单行本--1863 , 剩余价值-马克思著作 , 马恩著作--选集 , 马恩著作--文集
电子资源:
ISBN:
000 00812nam0 2200289 450
001 1258092968
005 20120928162935.32
010    @dCNY1.30
091    @a1001.1133
100    @a19950714d1978 em y0chiy0110 ea
101 1  @achi
102    @aCN@b110000
105    @ay z 000yy
106    @ar
200 1  @a剩余价值学说史@Asheng yu jia zhi xue shuo shi@h第三卷@f马克思著@g郭大力译
210    @a北京@c人民出版社@d1978
215    @a616页@d19cm
606 0  @a马克思著作@x单行本@z1863
606 0  @a剩余价值-马克思著作
606 0  @a马恩著作@x选集
606 0  @a马恩著作@x文集
690    @aA123@v3
690    @aA11@v4
701  1 @c(德)@a马克思@c(Marx, Karl@f1818~1883)@Ama ke si@4著
702  0 @a郭大力@f(1905~1976)@Aguo da li@4译
801  0 @aCN@bNLC
905    @a10447@dA11@eJY11:2
    
    剩余价值学说史.第三卷/马克思著/郭大力译 .-北京:人民出版社,1978
    616页;19cm
    
    
    ISBN :CNY1.30
    
●
相关链接 在E读中查询图书 在五车中查询图书 在当当中查询图书 在豆瓣中查询图书


正题名:剩余价值学说史     索取号:A11/JY11:2         预约/预借

序号 登录号 条形码 馆藏地/架位号 状态 备注
1 7800150   278001500   学院路分馆/ [索取号:A11/JY11:2] 在馆    
唐山师范学院图书馆 欢迎您!
大连网信软件有限公司© 版权所有